000 00642nam a2200217Ia 4500
005 20241129110017.0
008 241129s9999||||xx |||||||||||||| ||und||
020 _a978-0-691-24131-9
037 _aREF
040 _aARTS
_beng
_cARTS
041 _aeng
_2eng
084 _aQ7:21k R3(RR)
_qARTS
100 _aSinai Nicolai Au.
_9726845
245 0 _aKey terms of the Qur'an: a critical dictionary
_cSinai Nicolai Au.
260 _aPrinceton, UK
_bPrinceton University Press
_c2023
300 _axxi,811p.
365 _aINR
_b4900
650 _aIslamQuran
_9726464
942 _cREF
_hQ7:21k R3(RR)
999 _c1226978
_d1226978